| 000 | 00418pam a2200157 a 4500 | ||
|---|---|---|---|
| 020 | _cNULL (HB) | ||
| 041 | _h | ||
| 100 | _aGARR, A . | ||
| 245 |
_aBONNEY`S GYNAECOLOGICAL SURGERY / _cNULL. |
||
| 260 |
_aNULL : _bALL INDIA TEXT BOOKS SUPP. (A.T.T.B.S) , _c2006. |
||
| 300 |
_aNULL ; _cNULL. |
||
| 700 |
_aMOAGHAN , J . _aFEROZE , S . _aNEWTONJ, J . |
||
| 930 | _a807 | ||
| 999 |
_c795343 _d795343 |
||
| 650 | _aOBST.GYNE | ||